| 000 | 01204nam a2200301 i 4500 | ||
|---|---|---|---|
| 003 | DO-SdBNP | ||
| 005 | 20250516090540.0 | ||
| 007 | ta | ||
| 008 | 190314s2017 000 spa d | ||
| 020 | _a9789945902655 | ||
| 040 |
_aDO-SdBNP _cspa _bBNPHU _erda |
||
| 082 | 4 |
_axxx _bB828c _222 |
|
| 100 |
_aBrea Franco, Rosa Mariana, _eautor _4aut. _946192 |
||
| 245 | 1 | 0 |
_aComprensión del duelo en el siglo XXI : _bnuevas perspectivas / _cRosa Marina Brea Franco, edición de texto, Gisela Vargas Ortega ; prólogo, Eugenio M. Rothe |
| 264 | 1 |
_aSanto Domingo : _bEditora Búho, _c2017. |
|
| 300 |
_a298 páginas ; _c22 cm |
||
| 336 |
_atexto _btxt _2rdaconten |
||
| 337 |
_asin medición _bn _2rdamedia |
||
| 338 |
_avolumen _bnc _2rdacarrier |
||
| 500 | _aIncluye datos biográficos de la autor en las solapas | ||
| 500 | _aIncluye referencias bibliográficas y notas al pie de las páginas | ||
| 504 | _aBibliografía : páginas 49, 67, 97,105,141,153,154,165,187, 205, 224, 240, 257, 263, 296 y 298. | ||
| 590 | _aInventariado 2025/BT | ||
| 700 | 1 |
_aVargas Ortega, Gisela, _eeditor _4ed. _95746 |
|
| 700 | 1 |
_aRothe, Eugenio M., _eprologuista _4pr. _987782 |
|
| 910 | _aBtavárez | ||
| 942 |
_2ddc _cLBS1 |
||
| 999 |
_c47915 _d47915 |
||